00814nam a22002537a 4500003000500000005001700005008004100022010001000063011001000073020001500083035001100098040000900109082001700118100001900135245012500154260002700279300001100306490003100317534008800348650003600436650001900472650003800491830003100529CHAP20220329143450.0091113s1984 mx r 00010 spa d a97066 a98038 a9681616227 a108714 cCHAP04a302.23bSm511 aSmith, Anthony13aLa política de la información :bproblemas de política en los medios de información modernosc/por Anthony Smith aMéxico :bFCE,c1984 a382 p. 0aColección popularv; 271 pTít. original :tThe politics of information : problems of policy in modern media14aComunicación, teoría de la.14aComunicación14aMedios masivos de comunicación.0 aColección popularv; 271